| 000 | 00628nam a2200181 a 4500 | ||
|---|---|---|---|
| 005 | 20240210063841.0 | ||
| 008 | 991125s1977 mx 000 0 spa u | ||
| 035 | _aUPN01000011713 | ||
| 049 | _aCG | ||
| 050 | 4 |
_aHF5548.2 _bB4.28 |
|
| 100 | 1 | _aBenjamin, Robert I. | |
| 245 | 1 | 0 |
_aControl del ciclo de desarrollo de sistemas de información / _cRobert I. Benjamin ; tr. Carlos Hernández Fragoso. |
| 260 |
_aMéxico : _bLimusa, _c1977. |
||
| 300 |
_a98 p. : _bil. |
||
| 440 | 0 | _aBiblioteca de comercio y administración aplicada a la computación | |
| 650 | 4 |
_aAdministración de sistemas de información _9494 |
|
| 905 | _aLibro | ||
| 999 |
_c11713 _d11713 |
||